MARC

LEADER 00000nam0a2200000 4500
001 160309
005 20231031155534.0
020 |a RU  |b 84-28844 
035 |a (RuTPU)RU\TPU\book\173845 
090 |a 160309 
100 |a 20090520d1984 m y0rusy5003 ca 
101 0 |a rus 
102 |a UA 
105 |a a j 001zy 
200 1 |a Охрана природы в нефтяной и газовой промышленности  |e учебное пособие для вузов  |f Л. Ф. Петряшин, Г. Н. Лысяный, Б. Г. Тарасов 
210 |a Львов  |c Вища шк.  |c Изд-во при Львов. ун-те  |d 1984 
215 |a 187 с.  |c ил. 
610 1 |a окружающая среда 
610 1 |a нефтедобыча 
610 1 |a газы природные горючие 
610 1 |a добыча 
610 1 |a влияние 
610 1 |a экология 
610 1 |a воздушный бассейн 
610 1 |a водные ресурсы 
610 1 |a недра 
610 1 |a растительные ресурсы 
610 1 |a учебные пособия 
610 1 |a охрана 
675 |a 622.32:628.5(075.8)  |z rus 
700 1 |a Петряшин  |b Л. Ф.  |g Леонид Федорович  |4 070 
702 1 |a Лысяный  |b Г. Н.  |g Георгий Николаевич  |4 070 
702 1 |a Тарасов  |b Борис Гаврилович  |4 070 
801 0 |a RU  |b RuMRKP  |c 19950704  |g psbo 
801 1 |a RU  |b 63413507  |c 20090520  |g PSBO 
801 2 |a RU  |b 63413507  |c 20171012  |g PSBO 
942 |c BK